00480nam a22001097a 4500082001600000100002600016245013100042260004900173300002100222563000900243880011800252 a297.63bNOR aNoreen, Syeda Fareeda aTaleem wo Tarbiyat mein Rasool Allah Sallallahu Alaihi Wasallam ki narmi aur sakhti kay roshan pehloon /cSyeda Fareeda Noreen aIslamabad :bSubha Noor Publications,c2022. a368 p. ;c22 cm. aHBK. 6245-02\raتعلیم و تربیت میں رسول ﷲ ﷺ کی نرمی اور سختی کے روشن پہلو /